MARC

LEADER 00000nam0a2200000 4500
001 258748
005 20231101233325.0
035 |a (RuTPU)RU\TPU\book\281636 
090 |a 258748 
100 |a 20140428d1974 k y0rusy50 ca 
101 1 |a rus  |c eng 
102 |a RU 
105 |a a z 000zy 
200 1 |a Физика атомного ядра и плазмы  |e пер. с англ.  |f под ред. В. П. Павлова 
210 |a Москва  |c Наука  |d 1974 
215 |a 184 с.  |c ил. 
225 1 |a Над чем думают физики  |v Вып. 10 
606 1 |a Атомное ядро  |x Физика  |2 stltpush  |3 (RuTPU)RU\TPU\subj\29706  |9 52982 
606 1 |a Плазма  |x Физика  |2 stltpush  |3 (RuTPU)RU\TPU\subj\48885  |9 67703 
610 1 |a ионизирующие излучения 
610 1 |a радиоактивные изотопы 
610 1 |a атомные ядра 
610 1 |a термоядерная энергетика 
610 1 |a термоядерные реакторы 
610 1 |a термоядерный синтез 
610 1 |a ускорители 
675 |a 539.14  |v 3 
675 |a 533.9  |v 3 
702 1 |a Павлов  |b В. П.  |4 340 
801 1 |a RU  |b 63413507  |c 20140428 
801 2 |a RU  |b 63413507  |c 20150203  |g RCR 
942 |c BK